| 000 | 01285nam a2200301 4500 | ||
|---|---|---|---|
| 003 | AR-RoUNA | ||
| 008 | 250527b1952||||||| |||| 00| 0 spa dspa d | ||
| 040 |
_aAR-RoUNA _bspa _dAR-RoUNA |
||
| 041 | _aspa | ||
| 044 | _aag | ||
| 110 | 2 |
_aUnión Panamericana, Washington 6 D.C. _bDepartamento de Asuntos Economicos y sociales. División de Trabajo y Asuntos Sociales _927207 |
|
| 245 |
_aHabitaciones obreras y cooperativas de vivienda _b: cooperativistas, arquitectos, trabajadores. |
||
| 260 |
_aWashington (EEUU) : _c1952. |
||
| 300 |
_a14 p. _bfot. byn. _c25x19 cm. |
||
| 490 |
_aEducación del trabajador _vv. 10 |
||
| 505 | 0 | _tINDICE | |
| 505 | 0 | _tINTRODUCCION | |
| 505 | 0 | _aLuis Vera / La actitud Social del Arquitectos. p. 1 | |
| 505 | 0 | _aCarlos Burr / EL problema de la Habitación Obrera en América Latina y las Cooperativistas de Vivienda. p. 3 | |
| 505 | 0 | _aSerie sobre Educación del Trabajador. p. 13 | |
| 505 | 0 | _aDefinición de Educación del Trabajador. p. 13 | |
| 505 | 0 | _aSerie sobre Educación del Trabajador (Números publicados). p. 14 | |
| 650 |
_aViviendas _vCooperativistas _zAmérica Latina |
||
| 650 |
_aUrbanismo _vProblemas sociales |
||
| 942 | _2udc | ||
| 945 | _d2025-05-27 | ||
| 980 |
_65 _aMaría Machado _85 _gMaría Machado |
||
| 999 |
_c12016 _d12016 |
||